Nachtrag zu Ueber Fossilien der Unteren Kreide am Ufer des Mungo in Kamerun /

Saved in:
Bibliographic Details
Main Author: Koenen, Adolf von, 1837-1915.
Format: Book
Language:German
Published: Berlin : Weidmannsche Buchhandlung, 1898.
Series:Abhandlungen der Gesellschaft der Wissenschaften zu Göttingen, Mathematisch-physikalische Klasse ; n.F., Bd. 1, Nr. 1.
Subjects:
Tags: Add Tag
No Tags, Be the first to tag this record!
LEADER 01126nam a2200253Ia 4500
001 005201286-7
005 20020606095253.2
008 930614s1898 gw a 000 0 ger d
035 0 |a ocm28272536 
040 |a IXA  |c IXA  |d HMZ 
043 |a f-cm--- 
050 4 |a QE734  |b .K64 1897 
090 |a QE734  |b .K64 1897 
100 1 |a Koenen, Adolf von,  |d 1837-1915. 
245 1 0 |a Nachtrag zu Ueber Fossilien der Unteren Kreide am Ufer des Mungo in Kamerun /  |c von A. von Koenen, mit Tafel V-VII. 
260 |a Berlin :  |b Weidmannsche Buchhandlung,  |c 1898. 
300 |a p. [51]-65 :  |b ill. ;  |c 28 cm. 
490 1 |a Abhandlungen der Königlichen Gesellschaft der Wissenschaften zu Göttingen, Mathematisch-physikalische Klasse ;  |v n.F., Bd. 1, Nr. 1 
500 |a With: Ueber Fossilien der Unteren Kreide am Ufer des Mungo in Kamerun / von A. von Koenen. Berlin : Weidmannsche Buchhandling, 1897. 
650 0 |a Paleontology  |z Cameroon. 
650 0 |a Paleontology  |y Cretaceous. 
830 0 |a Abhandlungen der Gesellschaft der Wissenschaften zu Göttingen, Mathematisch-physikalische Klasse ;  |v n.F., Bd. 1, Nr. 1. 
988 |a 20020608 
906 |0 OCLC